000 02051pab a2200169 454500
008 180718b2000 xxu||||| |||| 00| 0 eng d
100 _aZhu, Qianwei
245 _aThe process of professionalization and the rebuilding of administrative ethics in post-Mao China
260 _c2000
300 _ap.1943-965
362 _aNov
520 _aThe process of professionalization for Chinese administration is in essence one that is shifting from the Party's cadres to the civil servants of the state, from a revolutionary clique with a special mission to a professional administrative group serving the general interest of the society. As a revolutionary clique existing under the Party's leadership for a long time, it was characterized by "traditional features," such as not being open to all citizens, politics overwhelming administration, management based on personal style rather than professional norms, etc. These features, to a large degree, produced a corresponding administrative attitude, ethics and behavior, which include a sense of "paternal official," self-discipline, adoring personalized authority. They in turn support the traditional system with both positive and negative consequences. The economic reform provided the impetus for changing the traditional system, and new framework with a strange civil service emerged, with such professional characteristics as opening jobs up to the whole society, respect for law and regulation, management and promotion based on merit, etc. However, the negative side of the economic reform has hindered the further development of professionalization. In particular, corruption and negligence of administrative ethics have undermined the new system. Further professionalization needs a spirit provided by rebuilding public administration: changing ideology and attitude, innovating institutions, and reforming the culture. - Reproduced
650 _aAdministrative ethics - China
650 _aAdministrative ethics
773 _aInternational Journal of Public Administration
909 _a45765
999 _c45765
_d45765